|
|
|
|
| LEADER |
01133nam a2200277 a 4500 |
| 001 |
3969 |
| 003 |
BD-DhAAL |
| 005 |
20150615114518.0 |
| 008 |
150615s1997 wiua b 001 0 eng |
| 010 |
|
|
|a 96083189
|
| 020 |
|
|
|a 0697201600 (pbk.)
|
| 040 |
|
|
|a DLC
|c DLC
|d DLC
|d BD-DhAAL
|
| 050 |
0 |
0 |
|a PN4121
|b .S7795 1997
|
| 082 |
0 |
0 |
|a 808.5/1
|2 21
|
| 100 |
1 |
|
|a Sproule, J. Michael,
|d 1949-
|9 12088
|
| 245 |
1 |
0 |
|a Speechmaking :
|b rhetorical competence in a postmodern world /
|c J. Michael Sproule.
|
| 250 |
|
|
|a 2nd ed.
|
| 260 |
|
|
|a Madison, WI :
|b Brown & Benchmark Publishers,
|c c1997.
|
| 300 |
|
|
|a xiv, 433 p. :
|b ill. ;
|c 23 cm.
|
| 504 |
|
|
|a Includes bibliographical references and indexes.
|
| 541 |
|
|
|e 3969
|
| 650 |
|
0 |
|a Public speaking.
|9 12089
|
| 942 |
|
|
|2 ddc
|c BK
|
| 999 |
|
|
|c 34727
|d 34727
|
| 952 |
|
|
|0 0
|1 0
|2 ddc
|4 0
|6 808_510000000000000_SPR
|7 0
|9 54311
|a SCL
|b SCL
|c GEN
|d 2015-06-15
|e Gift: The Asia Foundation
|l 0
|o 808.51 SPR
|p 3020003969
|r 2015-06-15
|t 1
|w 2015-06-15
|y BK
|
| 952 |
|
|
|0 0
|1 0
|2 ddc
|4 0
|6 808_510000000000000_SPR
|7 0
|9 54528
|a SCL
|b SCL
|c GEN
|d 2015-06-27
|e Gift: The Asia Foundation
|l 0
|o 808.51 SPR
|p 3020003968
|r 2015-06-27
|t 2
|w 2015-06-27
|y BK
|